000 00717nam a2200241Ia 4500
003 OSt
005 20220926030331.0
006 a|||||r|||| 00| 0
007 ta
008 220923b |||||||| |||| 00| 0 eng d
037 _cGeneral Book
040 _aRTL
_cRTL
_beng
041 _2eng
_aeng
082 _aX:97.1-1.N8, M1
100 _aPhadke Vinayak D
_9127935
245 0 _aStudy of industrial relations in advanced countrie
260 _aPoona
_bB L R C
_c1981
300 _ax,164p
_ccm.
490 _aBharatiya Labour Research Centre Publication
650 _aEconomic Conditions Latin America
942 _hX:97.1-1.N8, M1
_cGB
_2CC
999 _c649365
_d649365